Countries Capitals US States And Us State Capitals That Begin With H - Statistics

General Stats
  • This quiz has been taken 102 times
  • The average score is 10 of 13
Answer Stats
Answer % Correct
Haiti
92%
Hungary
90%
Honduras
88%
Honolulu
88%
Hawaii
86%
Helsinki
82%
Harare
76%
Honiara
76%
Hanoi
74%
Havana
69%
Hartford
64%
Helena
62%
Harrisburg
59%
No matching quizzes found
Score Distribution
Percent of People with Each Score
Percentile by Number Answered
Your Score History
You have not taken this quiz